| 000 | 00613cam a2200253 4500 | ||
|---|---|---|---|
| 001 | M972 | ||
| 008 | 090401t1995 xxu||||| |||| 00| 0 eng d | ||
| 035 | _a(Sirsi) u6676 | ||
| 041 | _aeng | ||
| 050 | _a333.3370946 | ||
| 110 |
_aClifford Chance _92015 |
||
| 245 | _aInvesting in commercial property in Spain. | ||
| 260 |
_aLondon _bClifford Chance _c1995 |
||
| 300 | _a65p. ; 30cm. | ||
| 350 | _a0 | ||
| 650 | _aEUROPE | ||
| 650 | _aDECRETO BOYER | ||
| 650 | _aFOREIGN INVESTMENT | ||
| 650 | _aLAW | ||
| 650 | _aSPAIN | ||
| 690 | _aPROPERTY-COMMERCIAL PROPERTY | ||
| 942 | _n0 | ||
| 948 | _c04/03/1997 | ||
| 999 |
_c86335 _d86335 |
||